Normal view MARC view

Entry Personal Name

Number of records used in: 1

001 - CONTROL NUMBER

  • control field: 237057

003 - CONTROL NUMBER IDENTIFIER

  • control field: OSt

005 - DATE AND TIME OF LATEST TRANSACTION

  • control field: 20250825111124.0

008 - FIXED-LENGTH DATA ELEMENTS

  • fixed length control field: 250825|| aca||aabn | a|a d

040 ## - CATALOGING SOURCE

  • Original cataloging agency: OSt
  • Transcribing agency: OSt

100 ## - HEADING--PERSONAL NAME

  • Personal name: MUGALI (Ram Shri)
  • Dates associated with a name: ಮುಗಳಿ (ರಂ ಶ್ರೀ )

670 ## - SOURCE DATA FOUND

  • Source citation: Work cat.: (OSt)111943: MUGALI (Ram Shri) ಮುಗಳಿ (ರಂ ಶ್ರೀ ), Rasika manasa., 1977